00458 2200157 4500001002100000005001500021035002000036007000300056008004100059020001800100100001800118245005700136260004200193300003000235990003500265INLIS00000000000777620260703102448 a0010-0726000003ta260703 0 ind  a979-3465-45-X0 aIrianto, Agus1 aStatistik : Konsep Dasar, Aplikasi, dan Pengembangan aJakarta :bPrenada Media Group,c2010 a330hlm :b:ilus. ;c23hlm ac.1/79/Polbangtan Yoma/ha/2026